Statistics for 大阪地下鉄御堂筋線

Click here to take the quiz!

General Stats

  • This quiz has been taken 170 times
  • The average score is 14 of 20

Answer Stats

駅絵番号% Correct
M16梅田駅
95%
M13新大阪駅
94%
M30中百舌鳥駅
93%
M20難波駅
92%
M23天王寺駅
88%
M11江坂駅
88%
M15中津駅
82%
M17淀屋橋駅
79%
M18本町駅
78%
M22動物園前駅
78%
M19心斎橋駅
74%
M14西中島南方駅
71%
M27我孫子駅
68%
M21大国町駅
64%
M29新金岡駅
59%
M12東三国駅
56%
M26長居駅
54%
M24昭和町駅
45%
M28北花田駅
40%
M25西田辺駅
39%

Score Distribution

Percentile by Number Answered

Percent of People with Each Score

Your Score History

You have not taken this quiz